| 000 | 00872nam a22002537i 4500 | ||
|---|---|---|---|
| 003 | URS | ||
| 856 |
_3Online Request for Student Unpublished Works _uhttps://forms.gle/7LqvGGkaDrUQqz429 |
||
| 999 |
_c76124 _d76123 |
||
| 005 | 20240416181641.0 | ||
| 008 | 200121b ||||| |||| 00| 0 eng d | ||
| 041 | _aeng | ||
| 043 | _aa-ph--- | ||
| 050 | 1 | 4 |
_aQ181 _b.T722 2015 |
| 100 |
_aTambongco, Caselyn C, _eauthor |
||
| 245 | _aDevelopment and validation of enhancement activities for grade | ||
| 260 | _c2015 | ||
| 300 |
_a85 leaves : _billustrations ; _c28 cm |
||
| 336 |
_2rda cpntent _atext |
||
| 337 |
_2rda media _aunmediated |
||
| 338 |
_2rda carrier _avolume |
||
| 502 |
_aThesis _bMaster of Arts in Teaching major in Science _cUniversity of Rizal System-Morong _d2015 |
||
| 650 | 0 | _aScience--Study and teaching(Secondary). | |
| 700 |
_aLinga, Emma E. _edegree supervisor |
||
| 942 |
_2lcc _cT |
||